Geography Quiz

Random Geography or City Quiz

100 Largest EU Cities Quiz Stats

 Plays Quiz not verified by Sporcle

Score 0/100 Timer 15:00
2 Plays Today
Rank City % Correct
1London, United Kingdom
98.9%
4Paris, France
98.4%
2Berlin, Germany
98.3%
3Madrid, Spain
98.3%
5Rome, Italy
97.5%
11Barcelona, Spain
96.8%
20Stockholm, Sweden
95.8%
14Milan, Italy
95.5%
12Munich, Germany
95.2%
7Vienna, Austria
95.1%
10Warsaw, Poland
95%
57Manchester, United Kingdom
94.8%
23Amsterdam, Netherlands
94.6%
39Glasgow, United Kingdom
94%
8Budapest, Hungary
93.7%
44Copenhagen, Denmark
93.7%
22Marseille, France
93.6%
9Hamburg, Germany
93.4%
6Bucharest, Romania
93.3%
16Brussels, Belgium
93.3%
31Athens, Greece
93.2%
47Lisbon, Portugal
92.9%
51Dublin, Ireland
92.8%
17Birmingham, United Kingdom
92.7%
13Prague, Czech Republic
92.6%
19Naples, Italy
92.3%
62Lyon, France
92.3%
36Helsinki, Finland
91.7%
45Liverpool, United Kingdom
91.3%
21Turin, Italy
90.4%
29Frankfurt-am-Main, Germany
90.3%
65Edinburgh, United Kingdom
90.2%
18Cologne, Germany
89.7%
35Rotterdam, Netherlands
89.6%
Rank City % Correct
27Seville, Spain
89.2%
25Krakow, Poland
88.8%
24Valencia, Spain
88.7%
15Sofia, Bulgaria
88.5%
33Riga, Latvia
88.3%
63Leeds, United Kingdom
88.1%
28Zagreb, Croatia
87%
50Vilnius, Lithuania
85.1%
32Palermo, Italy
84.9%
72Tallinn, Estonia
84.7%
76Florence, Italy
84.6%
38Dusseldorf, Germany
84.5%
69Bratislava, Slovakia
84.1%
58Antwerp, Belgium
83.2%
37Stuttgart, Germany
82.8%
82Nice, France
81.9%
41Dortmund, Germany
81.5%
53Dresden, Germany
81.3%
59The Hague, Netherlands
79.8%
52Gothenburg, Sweden
79.6%
99Malmo, Sweden
79.3%
42Essen, Germany
78.7%
54Leipzig, Germany
78.6%
64Gdansk, Poland
78.5%
79Bilbao, Spain
78.5%
40Genoa, Italy
78.4%
91Thessaloniki, Greece
78.1%
85Cardiff, United Kingdom
77.9%
26Lodz, Poland
77.4%
67Toulouse, France
77.2%
55Sheffield, United Kingdom
76.8%
48Bremen, Germany
76.7%
43Malaga, Spain
75.8%
49Bristol, United Kingdom
75.3%
Rank City % Correct
60Nuremberg, Germany
75.2%
56Hanover, Germany
74.2%
73Brno, Czech Republic
73.9%
75Bologna. Italy
73.3%
30Zaragoza, Spain
73.3%
34Wroclaw, Poland
70%
96Bari, Italy
69.4%
98Bonn, Germany
69.4%
71Palma, Spain
64.9%
46Poznan, Poland
64.7%
95Aarhus, Denmark
63%
93Utrecht, Netherlands
61.2%
92Cluj-Napoca, Romania
61.1%
66Leicester, United Kingdom
59.8%
68Murcia, Spain
59.6%
61Duisburg, Germany
59.2%
74Las Palmas, Spain
59.2%
100Kaunas, Lithuania
57.1%
80Bradford, United Kingdom
56.4%
86Varna, Bulgaria
55.9%
83Wuppertal, Germany
54.9%
87Alicante, Spain
54.3%
77Bochum, Germany
54.1%
88Cordoba, Spain
54%
84Plovdiv, Bulgaria
53.7%
90Coventry, United Kingdom
52.8%
94Timisoara, Romania
51.9%
89Bielefeld, Germany
50.5%
81Lublin, Poland
49.9%
70Szczecin, Poland
49.3%
97Valladolid, Spain
49.1%
78Bydgoszcz, Poland
36.2%

You're not logged in!

Compare scores with friends on all Sporcle quizzes.
OR
Log In

Show Comments

Extras

Top Quizzes Today


Score Distribution

Your Account Isn't Verified!

In order to create a playlist on Sporcle, you need to verify the email address you used during registration. Go to your Sporcle Settings to finish the process.

Report this User

Report this user for behavior that violates our Community Guidelines.

Details: